| 000 | 00602nam a22002057a 4500 | ||
|---|---|---|---|
| 003 | 0 | ||
| 005 | 20231221125014.0 | ||
| 008 | 231221b xxu||||| |||| 00| 0 eng d | ||
| 020 | _a978-1-5382-1742-9 | ||
| 050 |
_aTR _bIkn26 2019 |
||
| 082 |
_aTR _bIkn26 2019 |
||
| 100 | _aBanks, Rosie | ||
| 245 |
_aI know position words _cRosie Banks |
||
| 260 |
_aNew York _bGareth Stevens Publishing _cc2019. |
||
| 300 |
_a23 pages : _bcolored illustrations ; _c20cm. |
||
| 440 | _aWhat i know | ||
| 504 | _aIncludes index. | ||
| 650 | _aEnglish language--Vocabulary--Juvenile literature. | ||
| 942 |
_2ddc _cBK |
||
| 999 |
_c365766 _d365766 |
||